10 questions sur Andorre - Statistiques

Statistiques générales
  • Ce quiz a été pris 18 fois
    15 depuis la dernière actualisation
  • Le résultat moyen est 5 sur 10
Statistiques - réponses
Question Réponse % Correct
Quelle est la capitale? Andorre-la-Vieille
100%
Sur quel continent? Europe
100%
Quelle est la carte?
67%
Qui n'est pas un des deux princes d'Andorre? Le Prince d'Andorre
60%
Que se passe-t-il le 8 septembre 1278 à Lleida? Signature du traité de Paréage
47%
Quelle est la conséquence majeure de la Révolution Française sur l'Andorre? La rupture des liens avec la France
33%
En quelle année sont délimitées les six premières paroisses d'Andorre? 839
20%
Qu'est-ce que la constitution du 4 mai 1993 n'octroie pas à l'Andorre? L'entrée aux BRICS
20%
Qu'est-ce qui est créé avec le Conseil de la Terre à la Seu d'Urgell le 11 février 1419? Un centre supérieur
20%
Quand la nouvelle réforme "plus moderne" du Conseil de la Terre a lieu? 22 avril 1866
13%
Aucun quiz correspondant
Distribution des résultats
% des personnes avec chaque résultat
Percentile par nombre de réponses
Votre historique - résultats
Vous n’avez pas pris ce quiz depuis la dernière actualisation